| 000 | 00690nam a22002175i 4500 | ||
|---|---|---|---|
| 001 | C00086977c | ||
| 005 | 20241029152942.0 | ||
| 008 | 240227s1891 be af ||| | fre d | ||
| 035 | _aDMBR990306365 | ||
| 035 | _aCCPB000300280-2 | ||
| 040 |
_aCCPB-B _bspa _cCCPB-B _erdc |
||
| 100 | 1 |
_aRadoux, Jean Théodore ( _d1835-1911) _965716 |
|
| 245 | 1 | 0 |
_aVieuxtemps. Sa vie, ses oeuvres / _cJ.-Théodore Radoux. |
| 260 |
_aLiège : _bAug. Bénard, _c1891. |
||
| 300 |
_a[4], 166, [12] p. : _bil. ; _c23 cm. |
||
| 600 | 1 | 4 |
_aVieuxtemps, Henry ( _d1820-1881)- _vBiografías. _9110661 |
| 752 |
_aBélgica - _dLieja |
||
| 852 | 4 |
_aM-RABA _jA-1959 |
|
| 999 |
_c83276 _d83276 |
||